কলিকাতা দর্পণ : (Record no. 104339)
[ view plain ]
| 000 -LEADER | |
|---|---|
| fixed length control field | 00839nam a22002057a 4500 |
| 003 - CONTROL NUMBER IDENTIFIER | |
| control field | BD-DhUL |
| 005 - DATE AND TIME OF LATEST TRANSACTION | |
| control field | 20160906100324.0 |
| 008 - FIXED-LENGTH DATA ELEMENTS--GENERAL INFORMATION | |
| fixed length control field | 160906s ii |||| |||| 001 0 ben d |
| 040 ## - CATALOGING SOURCE | |
| Original cataloging agency | BD-DhUL |
| Transcribing agency | BD-DhUL |
| 082 ## - DEWEY DECIMAL CLASSIFICATION NUMBER | |
| Classification number | 954.142 |
| Item number | RAC |
| 100 10 - MAIN ENTRY--PERSONAL NAME | |
| Personal name | মিত্র, রাধারমন । |
| 245 10 - TITLE STATEMENT | |
| Title | কলিকাতা দর্পণ : |
| Remainder of title | প্রথম পর্ব / |
| Statement of responsibility, etc. | রাধারমন মিত্র । |
| 250 ## - EDITION STATEMENT | |
| Edition statement | ২য় সংস্ক. । |
| 260 ## - PUBLICATION, DISTRIBUTION, ETC. (IMPRINT) | |
| Place of publication, distribution, etc. | কলকাতা : |
| Name of publisher, distributor, etc. | সুবর্ণরেখা, |
| Date of publication, distribution, etc. | ১৯৮২ । |
| 300 ## - PHYSICAL DESCRIPTION | |
| Extent | [১০], ৩৫৬ পৃ. ; |
| Dimensions | ২৩ সেমি. । |
| 504 ## - BIBLIOGRAPHY, ETC. NOTE | |
| Bibliography, etc | গ্রন্থপরিচিতি ও র্নিঘণ্ট সংবলিত । |
| 651 #0 - SUBJECT ADDED ENTRY--GEOGRAPHIC NAME | |
| Geographic name | কলকাতা |
| General subdivision | ইতিহাস |
| 651 #0 - SUBJECT ADDED ENTRY--GEOGRAPHIC NAME | |
| Geographic name | Kolkata |
| General subdivision | History |
| 942 ## - ADDED ENTRY ELEMENTS (KOHA) | |
| Source of classification or shelving scheme | |
| Koha item type | Books |
| Price effective from | Date last seen | Permanent Location | Not for loan | Date acquired | Source of classification or shelving scheme | Koha item type | Lost status | Withdrawn status | Copy number | Source of acquisition | Collection code | Damaged status | Shelving location | Barcode | Current Location | Full call number |
|---|---|---|---|---|---|---|---|---|---|---|---|---|---|---|---|---|
| 2016-09-06 | 2016-09-06 | Dhaka University Library | 2016-09-06 | Books | 1 | Purchased | Non Fiction | General Stacks | A251376 | Dhaka University Library | 954.142 RAC | |||||
| 2016-09-20 | 2016-09-20 | Dhaka University Library | 2016-09-20 | Books | 1 | Purchased | Non Fiction | General Stacks | A251376(d) | Dhaka University Library | 954.142 RAC |
